| 000 | 01918nam a22003377a 4500 | ||
|---|---|---|---|
| 999 |
_c22089 _d22089 |
||
| 003 | AR-CdUCM | ||
| 008 | 190425b ||||| |||| 00| 0 spa d | ||
| 040 |
_aMUNICIPALIDAD PROVINCIAL DEL CUSCO _cBIBLIOTECA MUNICIPAL DEL CUSCO |
||
| 082 | _aParlante/N°88/2006 | ||
| 110 |
_aCentro Guamán Poma de Ayala _920511 |
||
| 245 |
_aParlante : _bRevista del Cusco / |
||
| 260 |
_aCusco : _bCentro de Educación y Comunicación Guamán Poma de Ayala, _c2006. |
||
| 300 |
_a32 páginas. : _bilustraciones ; _c30 cm. |
||
| 440 |
_aParlante revista del Cusco. _nAño 21, N°88, diciembre 2005. _947416 |
||
| 505 | _aContenido: Poniéndole la brida a leviatán. Luis Nieto. -- Acceso a la información publica entre la cultura del secreto y la vigilancia ciudadana. Omar Paredes. -- Hacia un nuevo modelo de gestión urbana. Marco Serna. -- Proyecto de recuperación del hábitat popular curar la ceguera para salvar casonas. Luis Nieto. -- Oferta gastronómica en el Cusco solo para paladares cusqueños. Adriana Peralta. -- La lenta agonía del rio Huatanay. Carlos Luna. -- Trata de personas, crimen de lesa humanidad. -- 300 millones de3 niños no aprenden porque tienen hambre. -- Cáncer de cuello uterino vacuna demasiado cara para enfermedad de pobres. -- Educar en radio. Juan Galiano. -- Liderazgo social y político con equidad. Victoria Casos. | ||
| 650 |
_aActualidad y política _947410 |
||
| 650 |
_aGobiernos locales _98462 |
||
| 650 |
_aCentro Histórico Cusco _946767 |
||
| 650 |
_aProducción y recursos _947394 |
||
| 650 |
_aEducación y cultura _99103 |
||
| 650 |
_aMedio ambiente _947417 |
||
| 700 |
_aCentro Guamán Poma de Ayala _947408 |
||
| 700 |
_aParedes, Omar _947418 |
||
| 700 |
_aSerna, Marco _947419 |
||
| 700 |
_aNieto, Luis _911864 |
||
| 700 |
_aPeralta, Adriana _947414 |
||
| 700 |
_aGaliano, Juan _947407 |
||
| 700 |
_aCasos, Victoria _930248 |
||
| 942 |
_2ddc _cPP |
||
| 945 | _avhl | ||